01753cam a2200469 i 4500003000900000005001700009008004100026020002800067020003100095035002700126040005100153040008400204050002300288082001900311082001600330082002300346100003500369245009400404264006500498300004600563336002100609337002500630338002300655490006700678500013000745504004000875505017200915526001001087526001001097526001001107526001001117526000801127526000801135526000801143526000801151526000801159526000801167526000801175600003001183630004001213650003001253PE-LiUPU20250731173152.0931025s1993 miu rb 000 0 eng d a0943872707q(rústica) a9780943872704q(rústica) a(Sirsi) i9780943872704 aPUCPRbspacPUCPRdPUCPRdCKJAVdPE-LiUPUerda aTxDaTSbengcDLCdOCLCQdBAKERdNLGGCdBTCTAdYDXCPdOCLCGdOCLCOdOCLCQdOCLCF04aBX6109b.AU16 199304a220.6bA1622000a220.1/322004a286.73205bAUS2211 aRoennfeldt, Ray C. W.,eautor.10aClark H. Pinnock on biblical authority :ban evolving position /cby Ray C.W. Roennfeldt. 1aBerrien Springs, Mich. :bAndrews University Press,c©1993. axxiii, 428 páginas ;c28 centímetros. atext2rdacontent aunmediated2rdamedia avolume2rdacarrier1 aAndrews University Seminary doctoral dissertation series ;v16 aOriginally presented as the author's thesis (doctoral)--Andrews University, Seventh-Day Adventist Theological Seminary, 1990. aBibliografía : páginas 374-428.0 aHistorical background to the biblical authority realiability debate -- Clark H, Pinnock the theologian -- Biblican authority realiability pinnock early view 1965-1974. aSEG42 aSEG41 aSEG40 aSEG39 aP94 aP87 aP86 aP85 aP77 aP76 aP3510aPinnock, Clark H.,d1937-00aBibliaxEvidencias, authority, etc.17aGezag van de bijbel.2gtt